000 00464nam a2200157 4500
001 112015
003 ES-MaACL
005 20230906185416.0
007 t|
008 061121s1979 sp r ||||1| spa d
100 1 _aNezar Ahmad Al-Sabbagh.
_985521
245 1 0 _aAl-Qadiani'ah (o Al-Ahmadi'ah) no es Islam /
_cpor Nezar Ahmad Al-Sabbagh.
260 _aGranada :
_bLa Casa Islámica,
_c1979.
300 _a65 p. ;
_c17 cm.
852 _aES-MaACL
_jL-2411
_bR.102539
999 _c112015
_d112015